00355nam a2200145Ia 4500008004100000020001500041041001200056082001600068100001300084245003700097260004000134300000800174650001500182700001200197221030s9999 xx 000 0 und d a1861524722 aEnglish a105.23bDwo aI. Dwole 0aInternational Marketing Strategy bThomason Asia Ltd.aSingaporec2002 a572 aManagement aR. Lowe